01365nam a22003014a 4500001001200000003000800012006001900020007001500039008004100054010001700095020001500112040002100127035002100148050002600169082001700195110011100212245018700323260005500510300002300565504005200588533015200640650005100792650001600843650003200859655002900891710001700920856012600937ebr10040993CaPaEBRm u cr cn|||||||||000522s1999 dcua sb 000 0 eng  z 00502202  z0309064473 aCaPaEBRcCaPaEBR a(OCoLC)55957686114aQR186.85b.I55 1999eb04a571.9/672212 aInstitute of Laboratory Animal Resources (U.S.).bCommittee on Methods of Producing Monoclonal Antibodies.10aMonoclonal antibody productionh[electronic resource] /cCommittee on Methods of Producing Monoclonal Antibodies, Institute for Laboratory Animal Research, National Research Council. aWashington, D.C. :bNational Academy Press,c1999. axiv, 59 p. :bill. aIncludes bibliographical references (p. 48-53). aElectronic reproduction.bPalo Alto, Calif. :cebrary,d2013.nAvailable via World Wide Web.nAccess may be limited to ebrary affiliated libraries. 0aMonoclonal antibodiesxSynthesisxMethodology. 0aHybridomas. 0aMice as laboratory animals. 7aElectronic books.2local2 aebrary, Inc.40uhttp://site.ebrary.com/lib/rucke/Doc?id=10040993zAn electronic book accessible through the World Wide Web; click to view